|
|
|
|
| LEADER |
00652nab a2200181 i 4500 |
| 001 |
tisza23397 |
| 005 |
20200330114435.0 |
| 008 |
161114s1948 hu o 0|| hun d |
| 022 |
|
|
|a 0133-1167
|
| 040 |
|
|
|a SZTE Tiszatáj Archívum
|b hun
|
| 041 |
|
|
|a hun
|
| 100 |
1 |
|
|a Ökrös László
|
| 245 |
1 |
0 |
|a Péter László
|h [elektronikus dokumentum] :
|b Egyéniség a népkultúrában : [könyvismertetés] /
|c Ökrös László
|
| 260 |
|
|
|c 1948
|
| 300 |
|
|
|a 62
|
| 490 |
0 |
|
|a Tiszatáj
|v 2 No. 1-3
|
| 695 |
|
|
|a Népköltészet - egyéniség szerepe - könyvismertetés
|
| 856 |
4 |
0 |
|u http://tiszataj.bibl.u-szeged.hu/23397/1/tiszataj_1948_001_003_062.pdf
|z Dokumentum-elérés
|